[Event "Barcelona Sants op 21st"]
[Site "Barcelona"]
[Date "2019.08.29"]
[Round "7"]
[White "Harikrishnan, A Ra"]
[Black "Nieto Farreny, Francesc"]
[Result "1-0"]
[WhiteElo "2411"]
[BlackElo "2259"]
[PlyCount "75"]
[EventDate "2019.08.23"]
[EventType "swiss"]
[EventRounds "10"]
[EventCountry "ESP"]
[SourceTitle "EXT 2020"]
[Source "ChessBase"]
[SourceDate "2019.10.17"]
[SourceVersion "1"]
[SourceVersionDate "2019.10.17"]
[SourceQuality "1"]

1. e4 c5 2. Nf3 g6 3. c3 Nc6 4. d4 d5 5. e5 cxd4 6. cxd4 Bg4 7. Bb5 Qb6 8. Bxc6+ Qxc6 9. 0-0 Nh6 10. Nbd2 Nf5 11. h3 Bxf3 12. Nxf3 h5 13. Bg5 Bh6 14. Rc1 Qb6 15. Bxh6 Nxh6 16. Qd2 Kf8 17. Rc5 Rd8 18. Qa5 Qxa5 19. Rxa5 a6 20. Rc1 Rd7 21. e6 fxe6 22. Ne5 Ke8 23. Rc8+ Rd8 24. Rc7 Nf7 25. Nxg6 Rd7 26. Rc8+ Rd8 27. Rxd8+ Kxd8 28. Nxh8 Nxh8 29. Ra3 Nf7 30. Rg3 Kd7 31. Rg7 Nd8 32. g4 hxg4 33. h4 Ke8 34. Rg8+ Kd7 35. h5 Nf7 36. Rg6 Nh8 37. Rg7 e5 38. Rh7 1-0

[Event "Barcelona Sants op 21st"]
[Site "Barcelona"]
[Date "2019.08.24"]
[Round "2"]
[White "Nieto Farreny, Francesc"]
[Black "Salinas Herrera, Pablo Patricio"]
[Result "0-1"]
[WhiteElo "2259"]
[BlackElo "2506"]
[PlyCount "148"]
[EventDate "2019.08.23"]
[EventType "swiss"]
[EventRounds "10"]
[EventCountry "ESP"]
[SourceTitle "EXT 2020"]
[Source "ChessBase"]
[SourceDate "2019.10.17"]
[SourceVersion "1"]
[SourceVersionDate "2019.10.17"]
[SourceQuality "1"]

1. d4 Nf6 2. c4 e6 3. Nc3 d5 4. cxd5 exd5 5. Bg5 c6 6. Qc2 Bd6 7. e3 0-0 8. Bd3 h6 9. Bh4 Re8 10. Nge2 Be6 11. Bg3 Bf8 12. 0-0 a6 13. h3 Bc8 14. Rfd1 Nbd7 15. Rac1 Qe7 16. Nf4 g5 17. Nfe2 h5 18. Bf5 h4 19. Bh2 Bh6 20. Re1 Nf8 21. Bxc8 Raxc8 22. Qf5 Ng6 23. Rcd1 Nh5 24. Nc1 Ng7 25. Qf3 f5 26. Nd3 Qf7 27. Na4 Kh7 28. Nac5 b6 29. Nxa6 Qd7 30. Be5 g4 31. hxg4 fxg4 32. Qe2 g3 33. f4 Nf5 34. Qh5 Qf7 35. Qg4 Rg8 36. Qh3 Rgf8 37. Rc1 Qb7 38. Nab4 c5 39. Nc2 Rf7 40. Rcd1 Qa8 41. dxc5 bxc5 42. a3 Qa4 43. Rd2 Qa7 44. b4 cxb4 45. Nd4 Rcf8 46. Nxf5 Rxf5 47. Bd4 Qxa3 48. Ra1 Qb3 49. Qg4 R8f7 50. Ra6 Ne7 51. Re6 Bg7 52. Bxg7 Rxg7 53. Rxe7 Rxe7 54. Qxf5+ Kg8 55. Qg4+ Kf8 56. Qe2 Ra7 57. Kf1 Ra1+ 58. Ne1 Qc4 59. Rc2 Qe4 60. Rc8+ Ke7 61. Qb2 Qd3+ 62. Qe2 Qe4 63. Qc2 Qxc2 64. Rxc2 Rb1 65. Ke2 b3 66. Rc7+ Kd6 67. Rb7 b2 68. Rb6+ Ke7 69. Nd3 h3 70. f5 hxg2 71. f6+ Kd7 72. Ne5+ Kc7 73. Rc6+ Kb7 74. Nf3 Rf1 0-1

[Event "Martorell op 36th"]
[Site "Martorell"]
[Date "2018.11.03"]
[Round "7"]
[White "Hernando Rodrigo, Julio Antonio"]
[Black "Nieto Farreny, Francesc"]
[Result "1-0"]
[WhiteElo "2284"]
[BlackElo "2191"]
[PlyCount "74"]
[EventDate "2018.09.15"]
[EventType "swiss"]
[EventRounds "9"]
[EventCountry "ESP"]
[SourceTitle "CBM 189 Extra"]
[Source "ChessBase"]
[SourceDate "2019.06.03"]
[SourceVersion "1"]
[SourceVersionDate "2019.06.03"]
[SourceQuality "1"]

1. d4 d5 2. Nf3 Nf6 3. c4 c6 4. e3 Nbd7 5. Bd3 dxc4 6. Bxc4 e6 7. Nc3 b5 8. Bd3 Bb7 9. 0-0 a6 10. e4 c5 11. d5 c4 12. Bc2 Qc7 13. Qe2 Bd6 14. Bg5 0-0 15. Bxf6 gxf6 16. e5 Bxe5 17. Nxe5 Qxe5 18. Qd2 Rfd8 19. Rae1 Qh5 20. Re3 Ne5 21. Rg3+ Kh8 22. Qf4 Ng6 23. Qxf6+ Kg8 24. dxe6 Rf8 25. Re1 fxe6 26. Bxg6 Rxf6 27. Bxh5+ Kf8 28. Rd1 b4 29. Ne2 Rf5 30. Rd7 Rxh5 31. Rxb7 Rd8 32. Rf3+ Rf5 33. Rxf5+ exf5 34. f3 Rd2 35. Rxb4 Rxe2 36. Rxc4 Rxb2 37. Ra4 Rb6 1-0

[Event "Barbera del Valles op 41st"]
[Site "Barbera del Valles"]
[Date "2018.07.08"]
[Round "5"]
[White "Nieto Farreny, Francesc"]
[Black "Alonso Moyano, Jonathan"]
[Result "0-1"]
[WhiteElo "2177"]
[BlackElo "2400"]
[PlyCount "68"]
[EventDate "2018.07.04"]
[EventType "swiss"]
[EventRounds "9"]
[EventCountry "ESP"]
[SourceTitle "CBM 185 Extra"]
[Source "ChessBase"]
[SourceDate "2018.07.29"]
[SourceVersion "1"]
[SourceVersionDate "2018.07.29"]
[SourceQuality "1"]

1. d4 f5 2. Bg5 h6 3. Bh4 g5 4. e4 Rh7 5. Qh5+ Rf7 6. Nf3 Nf6 7. Qg6 Nc6 8. Ne5 Nxe5 9. dxe5 Ng4 10. Bg3 f4 11. Bxf4 gxf4 12. Qxg4 c6 13. Nc3 Qa5 14. Be2 Qxe5 15. Qh5 Qg7 16. 0-0-0 d6 17. e5 d5 18. Nxd5 cxd5 19. Bb5+ Kd8 20. Rxd5+ Kc7 21. Rc5+ Kb6 22. e6 Bxe6 23. Ba4 Rc8 24. Rb5+ Kc7 25. Qc5+ Kb8 26. Qb4 Qxg2 27. Re1 Bd7 28. Ra5 Bxa4 29. Qd4 Rxc2+ 30. Kb1 Qxf2 31. Qe5+ Rc7 32. Rxa4 Qc2+ 33. Ka1 Bg7 34. Qb5 Qc1+ 0-1

[Event "Barbera del Valles op 41st"]
[Site "Barbera del Valles"]
[Date "2018.07.07"]
[Round "4"]
[White "Vasquez Schroder, Rodrigo Rafael"]
[Black "Nieto Farreny, Francesc"]
[Result "1/2-1/2"]
[WhiteElo "2494"]
[BlackElo "2177"]
[PlyCount "134"]
[EventDate "2018.07.04"]
[EventType "swiss"]
[EventRounds "9"]
[EventCountry "ESP"]
[SourceTitle "CBM 185 Extra"]
[Source "ChessBase"]
[SourceDate "2018.07.29"]
[SourceVersion "1"]
[SourceVersionDate "2018.07.29"]
[SourceQuality "1"]

1. d4 d5 2. Nf3 Nf6 3. c4 c6 4. Nc3 e6 5. e3 Nbd7 6. Bd3 dxc4 7. Bxc4 b5 8. Bd3 Bb7 9. a3 Bd6 10. 0-0 0-0 11. Qc2 Rc8 12. Rd1 c5 13. Nxb5 Bxf3 14. gxf3 cxd4 15. Qe2 Ne5 16. Nxd4 Nxd3 17. Rxd3 Nd5 18. f4 Bxf4 19. Nf3 Bb8 20. Rd4 Qf6 21. Kh1 Rc5 22. e4 Nb6 23. Be3 Rh5 24. Rad1 h6 25. Rc1 Kh7 26. Kg2 Qg6+ 27. Kh1 Qf6 28. Kg2 Qg6+ 29. Kh1 Qf6 30. Rb4 Rd8 31. Rc5 Rxc5 32. Bxc5 Rc8 33. Be3 Qg6 34. h3 Qh5 35. Ng5+ Kg6 36. Qxh5+ Kxh5 37. Nf3 Rc4 38. Rb3 Kg6 39. Bxb6 axb6 40. Rxb6 Bf4 41. Rb4 Rc2 42. Kg1 Bc1 43. Ne5+ Kf6 44. Nd3 Bg5 45. Kf1 Rd2 46. Rb3 Ke7 47. a4 Rc2 48. Rc3 Rxc3 49. bxc3 Bd2 50. c4 Kd6 51. Ke2 Bc3 52. f4 Kc6 53. Kd1 Kb6 54. Kc2 Bd4 55. Kb3 f5 56. exf5 exf5 57. Kb4 g5 58. c5+ Kc7 59. Kc4 Be3 60. fxg5 hxg5 61. Nb4 Bd2 62. Nd5+ Kb7 63. Kb5 g4 64. c6+ Kc8 65. hxg4 fxg4 66. c7 Kb7 67. a5 Bxa5 1/2-1/2

[Event "Sant Boi op 36th"]
[Site "Sant Boi de Llobregat"]
[Date "2014.06.06"]
[Round "8"]
[White "Nieto Farreny, Francesc"]
[Black "Prats Rodriguez, Juan Bosco"]
[Result "0-1"]
[WhiteElo "2285"]
[BlackElo "2208"]
[PlyCount "52"]
[EventDate "2014.04.04"]
[EventType "swiss"]
[EventRounds "9"]
[EventCountry "ESP"]
[SourceTitle "CBM 160 Extra"]
[Source "ChessBase"]
[SourceDate "2014.07.01"]
[SourceVersion "1"]
[SourceVersionDate "2014.07.01"]
[SourceQuality "1"]

1. d4 d5 2. c4 dxc4 3. e4 Nc6 4. Nf3 Bg4 5. Be3 Bxf3 6. gxf3 e6 7. Bxc4 Qf6 8. Bb5 Bb4+ 9. Ke2 Nge7 10. Qd3 0-0-0 11. Rd1 Bc5 12. Nd2 Bxd4 13. Qc2 Bxe3 14. fxe3 Qe5 15. Bxc6 Qxh2+ 16. Ke1 Nxc6 17. Rac1 Rd7 18. Nf1 Rxd1+ 19. Kxd1 Rd8+ 20. Ke1 Qh4+ 21. Ke2 Qg5 22. Kf2 Rd7 23. Qc5 Ne5 24. Qf8+ Rd8 25. Rxc7+ Kxc7 26. Qe7+ Qxe7 0-1

[Event "Vilafranca del Penedes op 6th"]
[Site "Vilafranca del Penedes"]
[Date "2012.04.27"]
[Round "3"]
[White "Rojas Keim, Luis Alberto"]
[Black "Nieto Farreny, Francesc"]
[Result "1-0"]
[WhiteElo "2424"]
[BlackElo "2030"]
[PlyCount "75"]
[EventDate "2012.04.13"]
[EventType "swiss"]
[EventRounds "8"]
[EventCountry "ESP"]
[SourceTitle "CBM 148 Extra"]
[Source "ChessBase"]
[SourceDate "2012.06.22"]
[SourceVersion "1"]
[SourceVersionDate "2012.06.22"]
[SourceQuality "1"]

1. d4 d5 2. c4 c6 3. Nf3 Nf6 4. Nc3 e6 5. Bg5 dxc4 6. e4 b5 7. e5 h6 8. Bh4 g5 9. exf6 gxh4 10. Ne5 Qxf6 11. g3 Nd7 12. Qe2 Bb7 13. Bg2 Bb4 14. Bxc6 Bxc6 15. Nxc6 Bxc3+ 16. bxc3 Nb6 17. 0-0 0-0 18. Ne5 Kh8 19. Qh5 Rad8 20. Rae1 Kh7 21. Re4 Qg5 22. Qf3 f6 23. Nc6 Rd6 24. Rxh4 Nd5 25. Nxa7 Ra8 26. Nxb5 Rb6 27. Rh5 Qg7 28. Rxd5 exd5 29. Qxd5 Ra5 30. a4 Rxa4 31. Re1 Rb8 32. Nd6 Rd8 33. Qe4+ Kh8 34. Nf5 Qg6 35. Qf4 Ra5 36. Nd6 Ra6 37. Nxc4 Rc6 38. d5 1-0

[Event "Catalunya-ch U20"]
[Site "Vila Seca"]
[Date "2011.04.24"]
[Round "8"]
[White "Martin Perez, Laura"]
[Black "Nieto Farreny, Francesc"]
[Result "1/2-1/2"]
[WhiteElo "1856"]
[BlackElo "2044"]
[PlyCount "81"]
[EventDate "2011.04.20"]
[EventType "swiss"]
[EventRounds "8"]
[EventCountry "ESP"]
[SourceTitle "EXT 2012"]
[Source "ChessBase"]
[SourceDate "2011.11.24"]
[SourceVersion "1"]
[SourceVersionDate "2011.11.24"]
[SourceQuality "1"]

1. e4 c5 2. Nf3 Nc6 3. d4 cxd4 4. Nxd4 g6 5. c4 Nf6 6. Nc3 Nxd4 7. Qxd4 d6 8. Be2 Bg7 9. Be3 0-0 10. Qd2 Be6 11. Rc1 Qa5 12. f3 Rfc8 13. b3 a6 14. Nd5 Qxd2+ 15. Kxd2 Nxd5 16. cxd5 Bd7 17. Rxc8+ Rxc8 18. Rc1 Rxc1 19. Kxc1 f5 20. Bg5 Kf7 21. Kd2 fxe4 22. fxe4 Bf6 23. Bf4 g5 24. Bh5+ Kg7 25. Be3 h6 26. a4 Be5 27. h3 Kf6 28. Kd3 Ba1 29. Bd4+ Bxd4 30. Kxd4 g4 31. h4 a5 32. g3 b6 33. Kc4 Ke5 34. Bg6 e6 35. Bf7 exd5+ 36. Bxd5 Be8 37. Kd3 b5 38. axb5 Bxb5+ 39. Ke3 a4 40. bxa4 Bxa4 41. Bb7 1/2-1/2

[Event "Catalunya-ch U20"]
[Site "Vila Seca"]
[Date "2011.04.22"]
[Round "4"]
[White "Cervello Tost, Roger"]
[Black "Nieto Farreny, Francesc"]
[Result "0-1"]
[WhiteElo "1661"]
[BlackElo "2044"]
[PlyCount "100"]
[EventDate "2011.04.20"]
[EventType "swiss"]
[EventRounds "8"]
[EventCountry "ESP"]
[SourceTitle "EXT 2012"]
[Source "ChessBase"]
[SourceDate "2011.11.24"]
[SourceVersion "1"]
[SourceVersionDate "2011.11.24"]
[SourceQuality "1"]

1. e4 c5 2. d4 cxd4 3. c3 Nf6 4. e5 Nd5 5. cxd4 d6 6. Nf3 e6 7. Bc4 Nb6 8. Bb3 dxe5 9. dxe5 Qxd1+ 10. Bxd1 Bb4+ 11. Bd2 Nc6 12. 0-0 Bd7 13. Bxb4 Nxb4 14. Nc3 Ke7 15. Be2 Rac8 16. a3 N4d5 17. Nxd5+ Nxd5 18. Rac1 Nf4 19. Nd4 Nxe2+ 20. Nxe2 Bb5 21. Rxc8 Rxc8 22. Rc1 Rxc1+ 23. Nxc1 Kd7 24. f4 Kc6 25. Kf2 Kd5 26. Ke3 Kc4 27. g4 Bc6 28. f5 Kd5 29. Kf4 Kd4 30. h4 Ba4 31. h5 Bd1 32. Na2 exf5 33. Kxf5 Bb3 34. Nc3 Be6+ 35. Kf4 Kc4 36. Ne4 b5 37. Nd6+ Kc5 38. Ne4+ Kd5 39. Ng5 h6 40. Nxe6 fxe6 41. b3 a5 42. g5 Kd4 43. a4 bxa4 44. gxh6 gxh6 45. bxa4 Kd5 46. Kf3 Kxe5 47. Ke3 Kd5 48. Kd3 Ke5 49. Ke3 Kf5 50. Kf3 Kg5 0-1

[Event "Tancats de l'Urgell A"]
[Site "Tarrega"]
[Date "2011.04.08"]
[Round "1.4"]
[White "Nieto Farreny, Francesc"]
[Black "Esplugas Esteve, Vicenc"]
[Result "1-0"]
[WhiteElo "2185"]
[BlackElo "2295"]
[PlyCount "51"]
[EventDate "2011.04.08"]
[EventType "tourn"]
[EventRounds "9"]
[EventCountry "ESP"]
[SourceTitle "EXT 2023"]
[Source "ChessBase"]
[SourceDate "2022.10.05"]
[SourceVersion "1"]
[SourceVersionDate "2022.10.05"]
[SourceQuality "1"]

1. d4 e6 2. Nf3 f5 3. Nc3 Bb4 4. Bg5 Nf6 5. e3 h6 6. Bxf6 Qxf6 7. Bd3 Nc6 8. 0-0 0-0 9. Ne2 b6 10. c3 Be7 11. d5 Ne5 12. Nxe5 Qxe5 13. Nf4 Bd6 14. g3 Bb7 15. c4 Qxb2 16. dxe6 dxe6 17. Nxe6 Rfe8 18. Nd4 f4 19. Rb1 fxg3 20. hxg3 Qxa2 21. Qg4 Re5 22. Nf5 Rxf5 23. Bxf5 Qa4 24. Qg6 Qc6 25. Be6+ Kh8 26. Bd5 1-0

[Event "Lleida Province-ch"]
[Site "Almenar"]
[Date "2010.10.??"]
[Round "2"]
[White "Nieto Farreny, Francesc"]
[Black "Monell Camarasa, David"]
[Result "1/2-1/2"]
[WhiteElo "2024"]
[BlackElo "2257"]
[PlyCount "98"]
[EventDate "2010.10.10"]
[EventType "swiss"]
[EventRounds "9"]
[EventCountry "ESP"]
[SourceTitle "EXT 2015"]
[Source "ChessBase"]
[SourceDate "2014.11.20"]
[SourceVersion "1"]
[SourceVersionDate "2014.11.20"]
[SourceQuality "1"]

1. d4 d5 2. c4 c6 3. Nc3 Nf6 4. e3 a6 5. Qc2 b5 6. b3 e6 7. Nf3 Nbd7 8. Bd3 Bb7 9. 0-0 dxc4 10. bxc4 b4 11. Ne4 c5 12. Bb2 Be7 13. Rfd1 0-0 14. Nxf6+ Nxf6 15. dxc5 Qc7 16. Rac1 h6 17. Bd4 Nd7 18. Qb2 f6 19. Qxb4 e5 20. Nh4 exd4 21. exd4 Rab8 22. Qe1 Nxc5 23. dxc5 Bxc5 24. Qe6+ Qf7 25. Qf5 g5 26. Qxc5 gxh4 27. Qf5 Kh8 28. Be4 Rg8 29. Bxb7 Rxb7 30. c5 Rg5 31. Qf3 Rc7 32. c6 Qe6 33. Re1 Qd6 34. Re8+ Kg7 35. Qb3 Rd5 36. Ree1 Rd3 37. Qc4 Rd4 38. Qxa6 h3 39. g3 Rd2 40. Qc4 h5 41. a4 Rd4 42. Qf1 Rxc6 43. Rxc6 Qxc6 44. Qxh3 Qf3 45. Qe6 h4 46. a5 hxg3 47. hxg3 Rd5 48. Qe4 Qxe4 49. Rxe4 Rxa5 1/2-1/2

[Event "Lleida Province-ch"]
[Site "Almenar"]
[Date "2010.10.??"]
[Round "5"]
[White "Sanuy Moncasi, Albert"]
[Black "Nieto Farreny, Francesc"]
[Result "0-1"]
[WhiteElo "1989"]
[BlackElo "2024"]
[PlyCount "102"]
[EventDate "2010.10.10"]
[EventType "swiss"]
[EventRounds "9"]
[EventCountry "ESP"]
[SourceTitle "EXT 2015"]
[Source "ChessBase"]
[SourceDate "2014.11.20"]
[SourceVersion "1"]
[SourceVersionDate "2014.11.20"]
[SourceQuality "1"]

1. e4 c5 2. Bc4 Nc6 3. a3 Nf6 4. d3 d5 5. exd5 Nxd5 6. Bd2 e6 7. Nf3 Be7 8. Nc3 Bf6 9. 0-0 0-0 10. Qe1 h6 11. Rb1 Nxc3 12. Bxc3 Nd4 13. Nxd4 cxd4 14. Bb4 Re8 15. Qe4 Rb8 16. f4 b5 17. Ba2 Bb7 18. Qe2 Rc8 19. Rf2 Bh4 20. g3 Bf6 21. h3 a5 22. Be1 Qb6 23. Kh2 Rc5 24. Rc1 Rec8 25. Qf1 b4 26. axb4 axb4 27. Bc4 e5 28. fxe5 Rxe5 29. Bd2 Rce8 30. Bxh6 Rh5 31. Bf4 Bc8 32. h4 Qb7 33. Bg5 Rxg5 34. hxg5 Re5 35. Qg2 Rxg5 36. Qxb7 Rh5+ 37. Kg1 Bxb7 38. Rh2 Rg5 39. Kf2 Be5 40. Rg1 g6 41. Rh3 Kg7 42. Re1 Kf6 43. Rxe5 Rxe5 44. Rh4 Rf5+ 45. Kg1 Ke5 46. Rf4 Rxf4 47. gxf4+ Kxf4 48. Bxf7 g5 49. Kf2 g4 50. Kg1 Ke3 51. Bb3 Bf3 0-1